| 000 | 00440nam a22002177a 4500 | ||
|---|---|---|---|
| 003 | UA-OsUOA | ||
| 001 | 34995 | ||
| 007 | ta | ||
| 008 | 20051103b un ||||| |||| 00| 0 ukr d | ||
| 090 | _a82.08 | ||
| 942 | _cBK | ||
| 040 |
_aUA-OsUOA _bpol _cUA-OsUOA _dUA-OsUOA |
||
| 245 | _aWypracowania | ||
| 300 | _a127 с. | ||
| 955 | _a2 | ||
| 041 | _apol | ||
| 080 | _a82.08 | ||
| 260 |
_aKrakov _c1995 |
||
| 650 | 7 | _2UDC | |
| 999 |
_c321401 _d321401 |
||